Logo

Description automatically generated
विद्यार्जन
 संसाधन केंद्र, भारतीय प्रौद्योगिकी संस्थान इन्दौर
Learning Resource Center, Indian Institute of Technology Indore

ऑनलाइन सार्वजनिक अभिगम प्रसूची
Online Public Access Catalogue (OPAC)

Invariance principles and elementary particles (Record no. 53139)

MARC details
000 -LEADER
fixed length control field 00582nam a22002057a 4500
005 - DATE AND TIME OF LATEST TRANSACTION
control field 20260409170018.0
008 - FIXED-LENGTH DATA ELEMENTS--GENERAL INFORMATION
fixed length control field 260409b |||||||| |||| 00| 0 eng d
020 ## - INTERNATIONAL STANDARD BOOK NUMBER
International Standard Book Number 9780691624808
Qualifying information pbk
082 ## - DEWEY DECIMAL CLASSIFICATION NUMBER
Classification number 539.721
Item number SAK
100 ## - MAIN ENTRY--PERSONAL NAME
Personal name Sakurai, J.J.
245 ## - TITLE STATEMENT
Title Invariance principles and elementary particles
250 ## - EDITION STATEMENT
Edition statement c.1964
260 ## - PUBLICATION, DISTRIBUTION, ETC.
Place of publication, distribution, etc. Princeton
Name of publisher, distributor, etc. Princeton University Press
Date of publication, distribution, etc. 1964
300 ## - PHYSICAL DESCRIPTION
Extent x, 326p. ; 23cm.
440 ## - SERIES STATEMENT/ADDED ENTRY--TITLE
Title Princeton Legacy Library
653 ## - INDEX TERM--UNCONTROLLED
Uncontrolled term Particle Physics
653 ## - INDEX TERM--UNCONTROLLED
Uncontrolled term Particles (Nuclear physics)
653 ## - INDEX TERM--UNCONTROLLED
Uncontrolled term Invariants
942 ## - ADDED ENTRY ELEMENTS (KOHA)
Source of classification or shelving scheme Dewey Decimal Classification
Koha item type Book
Holdings
Withdrawn status Lost status Source of classification or shelving scheme Damaged status Not for loan Collection code Home library Current library Shelving location Date acquired Source of acquisition Total Checkouts Full call number Barcode Checked out Date last seen Date last checked out Price effective from Koha item type
    Dewey Decimal Classification     Reference Books LRC, IIT Indore LRC, IIT Indore 3rd Floor - Reference Collection 09/04/2026 PO_2025-26_PO-81 ,Vendor: Technical Bureau India Pvt. Ltd., New Delhi ; Inv. No.: TB4296, dt.25.03.2026 ; Price: INR 5550.00 1 539.721 SAK 38809 08/10/2026 11/04/2026 11/04/2026 09/04/2026 Reference Books
Copyright © 2024, 2021, 2017 Indian Institute of Technology Indore. All Rights Reserved.
Managed & maintained by Learning Resource Center, IIT Indore